000 00639nam a2200193Ia 4500
001 12133
003 GE_BSU
008 181216s||||||||xx |||||||||||||| ||und||
040 _cGE_BSU
245 _aმოამბე. იანვარი-თებერვალი-მარტი-აპრილი.ტ.4 #1 2010
245 _bBulletin
245 _cსაქართველოს მეცნიერებათა ეროვნული აკადემია
260 _aთბილისი.
260 _c2014
300 _a6გვ.30სმ.
653 _aBulletin
653 _aმოამბე
942 _cCR
999 _c45309
_d45309